000 00890nam a2200193Ia 4500
003 OSt
005 20251105114158.0
008 210210b2006 xxu||||| |||| 00| 0 eng d
040 _cAL
041 _aKannada
082 _aK894.8 MOHK
100 _aMOHANA ALVA (M) Ed
_985787
_dಎಂ. ಮೋಹನ್ ಆಳ್ವ
245 _aKannada manassu bauddhika svatantrya
_bAlvas nudisiri 2005: Kannada nadu nudiya rashtriya sammelana: samagra vangmaya
_cಕನ್ನಡ ಮನಸ್ಸು ಬೌದ್ಧಿಕ ಸ್ವಾತಂತ್ರ್ಯ ಆಳ್ವಾಸ್ ನುಡಿಸಿರಿ ೨೦೦೫ : ಕನ್ನಡ ನಾಡು ನುಡಿಯ ರಾಷ್ಟ್ರೀಯ ಸಮ್ಮೇಳನ : ಸಮಗ್ರ ವಾಙ್ಮಯ
260 _aMudubidire
_bAlvas Prakashana
_c2006
300 _a228
690 _aKannada Miscellaneous
_985788
906 _a061996
942 _2ddc
_cBK
999 _c115849
_d115849